000 00671nam a2200217Ia 4500
003 IN-BaIIA
008 211028s9999 xx 000 0 eng d
020 _a81-7036-240-7
040 _cIIA Library
080 _a37
_bKUM
100 _aKumar, Krishna
_917350
245 0 _aPolitical agenda of education
_ba study of colonialist and nationalist ideas
_cKrishna Kumar
260 _aNew Delhi
_bSage Publications
_c1991
300 _a210p.
650 _aAstronomy and Astrophysics Thesaurus
650 _aEducation
_917351
650 _aHistory
_97064
650 _aIndia
650 _aSocial Aspects
_917352
942 _cBK
999 _c10222
_d10222